000 00401nam a2200181Ia 4500
003 OSt
005 20251018104146.0
008 250729s2003 xx 000 0 und d
040 _cAL
041 _aeng
082 _a900 LEWH
100 _aLewisJon E
_9223247
245 _aHow it happened america
260 _aLondon
_c2003
300 _a517p
650 _aHistory
_9223248
942 _2ddc
_cBED
999 _c235812
_d235812